| 000 | 02052nam0a2200349 4500 | ||
|---|---|---|---|
| 001 | RU\NLR\BIBL_A\011444625 | ||
| 005 | 20260409075926.0 | ||
| 010 |
_a9785990992191 _9500 |
||
| 021 |
_aRU _b2017-48081 _93451 |
||
| 035 | _a(RuMoRGB)008927290 | ||
| 035 | _a(NLR Aleph) 011444625 | ||
| 090 |
_a11720273 _c11720273 |
||
| 100 | _a20170725d2017 u y0rusy50 ca | ||
| 101 | 0 | _arus | |
| 102 | _aRU | ||
| 105 | _aa j 000zy | ||
| 200 | 1 |
_aПерцептивно-двигательное и визуально-когнитивное обозначение грамматической парадигмы местоимений, количественных числительных и морфосинтаксических семантико-парадигматических отношений непроизводных предлогов _eпрактическое руководство по формированию грамматической парадигмы речеязыковой системы родного языка у детей 5-7 лет с особенностями речеязыкового развития, основанное на законах прикладного анализа поведения и вербально-поведенческом подходе _fЕ. А. Бушинская |
|
| 210 |
_aЕкатеринбург _c[б. и.] _d2017 |
||
| 215 |
_a163 с. _cил., табл. _d29 |
||
| 320 | _aБиблиогр.: с. 156-161 (113 назв.) | ||
| 606 |
_aДети с нарушением речи _xРазвитие речи _jПрактические пособия _3RU\NLR\AUTH\661548416 _92611858 |
||
| 610 | 0 | _aлогопедические упражнения | |
| 686 |
_aЧ437.921я7-1 _2rubbk |
||
| 686 |
_aЮ948.27-734я7-1 _2rubbk |
||
| 686 |
_aЮ983.401.2я7-1 _2rubbk |
||
| 686 | 1 | _aЧ437.92я7 | |
| 686 | 1 | _aЧ437.191я7 | |
| 700 | 1 |
_aБушинская _bЕ. А. _gЕлена Александровна |
|
| 942 | _cBOOK | ||
| 980 | _aNBR | ||